000 00423cam a2200181ua 4500
020 _c5.00
041 _ahin
_h
082 _a891.54
_bMAH/MA
100 _aMahatma Gandhi, .
245 _aMahilaon se /
_cMahatma gandhi.
_hTextual Documents
250 _a1 /
_b.
260 _a :
_bSree Gandhi grandakar ,
_c1962.
300 _a255 ; .
365 _a5.00
504 _a
942 _cBK
999 _c8321
_d8321